[Event "Oberfranken-ch"]
[Site "Kronach"]
[Date "2023.11.03"]
[Round "4"]
[White "Sesselmann, Christoph"]
[Black "Brunsch, Michael"]
[Result "1-0"]
[WhiteElo "1976"]
[BlackElo "1942"]
[PlyCount "79"]
[EventDate "2023.11.02"]
[EventType "swiss"]
[EventRounds "7"]
[EventCountry "GER"]
[SourceTitle "CB46_2023"]
[SourceDate "2023.11.15"]
[SourceVersion "1"]
[SourceVersionDate "2023.11.15"]
[SourceQuality "1"]

1. e4 c5 2. d4 cxd4 3. c3 d3 4. Bxd3 d6 5. c4 Nf6 6. h3 g6 7. Nf3 Bg7 8. 0-0 Nc6 9. Nc3 0-0 10. Be3 Nd7 11. Rc1 Nc5 12. Bb1 f5 13. exf5 gxf5 14. Qd2 Ne5 15. Nxe5 Bxe5 16. Bh6 Rf7 17. b4 Ne6 18. Rfe1 Bg7 19. Nd5 Bd7 20. Bxg7 Nxg7 21. Rc3 Qf8 22. c5 dxc5 23. Rxc5 Bc6 24. Qg5 Bxd5 25. Rxd5 Kh8 26. Rd7 e6 27. Red1 Re8 28. a3 Rfe7 29. f4 Qf7 30. Rd8 Qf8 31. R8d2 b6 32. Ba2 e5 33. fxe5 Rxe5 34. Rd8 R5e7 35. R1d7 Rxd8 36. Qxe7 Re8 37. Qxf8+ Rxf8 38. Rxa7 Nh5 39. Bd5 Rf6 40. Rf7 1-0

[Event "Bayern-ch 92th"]
[Site "Lichtenfels"]
[Date "2021.08.27"]
[Round "8"]
[White "Sesselmann, Christoph"]
[Black "Schmid, Franz"]
[Result "0-1"]
[WhiteElo "1887"]
[BlackElo "2197"]
[PlyCount "68"]
[EventDate "2021.08.22"]
[EventType "swiss"]
[EventRounds "9"]
[EventCountry "GER"]
[SourceTitle "EXT 2023"]
[Source "ChessBase"]
[SourceDate "2022.10.05"]
[SourceVersion "1"]
[SourceVersionDate "2022.10.05"]
[SourceQuality "1"]

1. e4 e6 2. d4 d5 3. Nc3 Nf6 4. Bg5 Bb4 5. e5 h6 6. Bd2 Bxc3 7. bxc3 Ne4 8. Bd3 Nxd2 9. Qxd2 c5 10. f4 Qa5 11. Nf3 Nc6 12. c4 dxc4 13. Bxc4 0-0 14. Qxa5 Nxa5 15. Bd3 cxd4 16. Nxd4 Bd7 17. 0-0 Rac8 18. Rfd1 Ba4 19. Rab1 Rfd8 20. Rb4 Be8 21. Nb3 Nxb3 22. axb3 Bc6 23. Kf2 Kf8 24. c4 Rd4 25. g3 Rcd8 26. Ke2 a5 27. Rb6 Be4 28. Rd6 R8xd6 29. exd6 Bc6 30. c5 Ke8 31. Ra1 Rd5 32. Rxa5 b6 33. Be4 bxa5 34. Bxd5 Bxd5 0-1

[Event "Bayern-ch 92th"]
[Site "Lichtenfels"]
[Date "2021.08.24"]
[Round "4"]
[White "Sesselmann, Christoph"]
[Black "Stoeckl, Stephan"]
[Result "1-0"]
[WhiteElo "1887"]
[BlackElo "2061"]
[PlyCount "53"]
[EventDate "2021.08.22"]
[EventType "swiss"]
[EventRounds "9"]
[EventCountry "GER"]
[SourceTitle "EXT 2023"]
[Source "ChessBase"]
[SourceDate "2022.10.05"]
[SourceVersion "1"]
[SourceVersionDate "2022.10.05"]
[SourceQuality "1"]

1. d4 Nf6 2. Nc3 d5 3. Bg5 Nbd7 4. f3 h6 5. Bh4 e6 6. e4 dxe4 7. fxe4 Be7 8. e5 Nd5 9. Bxe7 Qxe7 10. Qd2 Nxc3 11. bxc3 b6 12. Nf3 Bb7 13. Bd3 c5 14. 0-0 0-0 15. Qe3 Rac8 16. Nd2 Bd5 17. Ne4 c4 18. Nf6+ gxf6 19. exf6 Nxf6 20. Qxh6 Ne4 21. Rf3 Qg5 22. Rg3 Qxg3 23. hxg3 cxd3 24. cxd3 Nd6 25. c4 Bb7 26. Qg5+ Kh7 27. Kf2 1-0

[Event "Oberfranken-ch"]
[Site "Schney"]
[Date "2020.01.05"]
[Round "6"]
[White "Michalek, Michal"]
[Black "Sesselmann, Christoph"]
[Result "1-0"]
[WhiteElo "2145"]
[BlackElo "1683"]
[PlyCount "33"]
[EventDate "2020.01.03"]
[EventType "swiss"]
[EventRounds "7"]
[EventCountry "GER"]
[SourceTitle "CBM 194 Extra"]
[Source "ChessBase"]
[SourceDate "2020.03.31"]
[SourceVersion "1"]
[SourceVersionDate "2020.03.31"]
[SourceQuality "1"]

1. d4 Nf6 2. c4 g6 3. Nc3 Bg7 4. Nf3 d6 5. g3 0-0 6. Bg2 Nbd7 7. 0-0 e5 8. e4 c6 9. h3 Qb6 10. Re1 Re8 11. Re2 exd4 12. Nxd4 Nc5 13. Be3 Qb4 14. Rc1 a5 15. Nb3 Nxb3 16. axb3 Nd7 17. Na2 1-0

[Event "Oberfranken-ch"]
[Site "Schney"]
[Date "2020.01.03"]
[Round "1"]
[White "Sesselmann, Christoph"]
[Black "Riemer, Ralf"]
[Result "1-0"]
[WhiteElo "1683"]
[BlackElo "2034"]
[PlyCount "57"]
[EventDate "2020.01.03"]
[EventType "swiss"]
[EventRounds "7"]
[EventCountry "GER"]
[SourceTitle "CBM 194 Extra"]
[Source "ChessBase"]
[SourceDate "2020.03.31"]
[SourceVersion "1"]
[SourceVersionDate "2020.03.31"]
[SourceQuality "1"]

1. e4 c5 2. Nf3 d6 3. d4 cxd4 4. Nxd4 Nf6 5. Nc3 a6 6. Bc4 e6 7. Bb3 Be7 8. 0-0 Nbd7 9. Bxe6 fxe6 10. Nxe6 Qa5 11. Nxg7+ Kf7 12. Nf5 Ne5 13. Nh6+ Ke8 14. Nd5 Nfg4 15. b4 Qd8 16. f4 Nxh6 17. fxe5 Bg4 18. Qd4 Nf7 19. exd6 Qxd6 20. Qg7 Bh5 21. Rxf7 Bxf7 22. Qxh8+ Bf8 23. Bf4 Qg6 24. Qe5+ Be6 25. Nc7+ Kf7 26. Nxa8 Bg7 27. Qc7+ Kg8 28. Qd8+ Bf8 29. Bd6 1-0

[Event "Oberfranken-ch"]
[Site "Schney"]
[Date "2019.01.05"]
[Round "5"]
[White "Sesselmann, Christoph"]
[Black "Bauschke, Norman"]
[Result "1-0"]
[WhiteElo "1659"]
[BlackElo "1635"]
[PlyCount "93"]
[EventDate "2019.01.03"]
[EventType "swiss"]
[EventRounds "7"]
[EventCountry "GER"]
[SourceTitle "CBM 188 Extra"]
[Source "ChessBase"]
[SourceDate "2019.02.26"]
[SourceVersion "1"]
[SourceVersionDate "2019.02.26"]
[SourceQuality "1"]

1. e4 e6 2. d4 d5 3. exd5 Qxd5 4. c4 Qd8 5. Nc3 c5 6. Nf3 Nc6 7. Be3 cxd4 8. Nxd4 Nxd4 9. Qxd4 Qxd4 10. Bxd4 a6 11. g3 Ne7 12. Bg2 Nf5 13. Bb6 Bb4 14. Rc1 0-0 15. 0-0 Bd7 16. Rfd1 Bc6 17. a3 Bxg2 18. Kxg2 Bd6 19. c5 Be5 20. Rd7 Rfe8 21. Rxb7 Re7 22. Rxe7 Nxe7 23. Na4 Nc6 24. f4 Bf6 25. Bc7 Ra7 26. Bd6 Rb7 27. b4 h5 28. Rb1 g5 29. fxg5 Bxg5 30. Nb6 Bd8 31. Nc4 f6 32. Kf3 Kf7 33. Ke4 Ke8 34. Kd3 Kd7 35. Kc3 e5 36. a4 Nd4 37. Bxe5 fxe5 38. Nxe5+ Kc8 39. Kxd4 Bf6 40. Kd5 Be7 41. b5 axb5 42. axb5 Rc7 43. c6 Bd8 44. b6 Rg7 45. b7+ Kb8 46. Nd7+ Rxd7+ 47. cxd7 1-0

[Event "Landesliga U20 Nord 1718"]
[Site "Bayern"]
[Date "2018.01.27"]
[Round "5.3"]
[White "Stohl, Tristan"]
[Black "Sesselmann, Christoph"]
[Result "0-1"]
[WhiteElo "1613"]
[BlackElo "1695"]
[PlyCount "128"]
[EventDate "2017.11.18"]
[EventType "team-tourn"]
[EventRounds "7"]
[EventCountry "GER"]
[SourceTitle "EXT 2022"]
[Source "ChessBase"]
[SourceDate "2021.10.06"]
[SourceVersion "1"]
[SourceVersionDate "2021.10.06"]
[SourceQuality "1"]
[WhiteTeam "Fuerth SG U20"]
[BlackTeam "Kulmbach U20"]
[WhiteTeamCountry "GER"]
[BlackTeamCountry "GER"]

1. d4 Nf6 2. Bg5 e6 3. Nf3 b6 4. e3 Bb7 5. Bd3 Be7 6. c4 h6 7. Bf4 0-0 8. Nc3 d5 9. 0-0 c5 10. Rc1 Nbd7 11. a3 cxd4 12. exd4 dxc4 13. Bxc4 Rc8 14. Nb5 Nd5 15. Bxd5 exd5 16. Bc7 Qe8 17. Nxa7 Ra8 18. Nb5 Nf6 19. Nc3 Bd8 20. Bd6 Be7 21. Bc7 Bd8 22. Re1 Qd7 23. Bf4 Ne4 24. Nd2 Bg5 25. Bxg5 Nxg5 26. Nf3 Nxf3+ 27. Qxf3 Rfe8 28. h3 f6 29. Qf4 Rac8 30. Rxe8+ Rxe8 31. Na2 Rc8 32. Rxc8+ Qxc8 33. Nb4 Qe8 34. Kh2 Qd8 35. b3 Kf7 36. g3 Qd7 37. Nd3 Ke8 38. a4 Bc8 39. g4 h5 40. Kg3 hxg4 41. Qxg4 Qc7+ 42. Qf4 Qc3 43. Qe3+ Kf8 44. Nf4 Qc7 45. Kg2 Qd6 46. h4 Kf7 47. Qf3 Be6 48. Qh5+ Kf8 49. Ng6+ Kf7 50. Nh8+ Kf8 51. Ng6+ Kf7 52. Nf4+ Kf8 53. Qf3 Kf7 54. Nxe6 Kxe6 55. Qe2+ Kf5 56. Qd3+ Ke6 57. Qb5 Qc7 58. b4 Kd6 59. a5 bxa5 60. bxa5 Qc2 61. Qb6+ Kd7 62. Qb7+ Ke6 63. Qxg7 Qe4+ 64. Kh3 Qh1+ 0-1

[Event "Landesliga U20 Nord 1718"]
[Site "Bayern"]
[Date "2017.12.02"]
[Round "3.3"]
[White "Sesselmann, Christoph"]
[Black "Graeber, Friedrich"]
[Result "1-0"]
[WhiteElo "1695"]
[BlackElo "1501"]
[PlyCount "113"]
[EventDate "2017.11.18"]
[EventType "team-tourn"]
[EventRounds "7"]
[EventCountry "GER"]
[SourceTitle "EXT 2022"]
[Source "ChessBase"]
[SourceDate "2021.10.06"]
[SourceVersion "1"]
[SourceVersionDate "2021.10.06"]
[SourceQuality "1"]
[WhiteTeam "Kulmbach U20"]
[BlackTeam "Regensburg Bavaria U20 II"]
[WhiteTeamCountry "GER"]
[BlackTeamCountry "GER"]

1. d4 Nf6 2. c4 c5 3. d5 e6 4. Nc3 exd5 5. cxd5 d6 6. e4 g6 7. f4 Bg7 8. Nf3 0-0 9. Bd3 a6 10. 0-0 b5 11. a3 Nfd7 12. Be3 Nb6 13. Qd2 Bb7 14. Ne2 N8d7 15. Ng3 c4 16. Be2 Rc8 17. Bd4 Nc5 18. Bd1 Bxd4+ 19. Qxd4 Nb3 20. Bxb3 cxb3 21. Rac1 Rc4 22. Rxc4 Nxc4 23. f5 Qb6 24. Qxb6 Nxb6 25. Nd2 Rc8 26. Nxb3 Nc4 27. fxg6 hxg6 28. Rf2 a5 29. Rc2 Re8 30. Kf2 Bc8 31. Nd2 Ne5 32. Rc3 Ng4+ 33. Kg1 Bd7 34. h3 Ne5 35. Kf2 Rb8 36. b3 b4 37. axb4 Rxb4 38. Ne2 f5 39. Ke3 Bb5 40. Nf4 Bd7 41. Rc7 Kf7 42. Ra7 Rb5 43. exf5 gxf5 44. Kd4 Ke7 45. Ne6 Rb4+ 46. Nc4 Kf6 47. Rxa5 Bxe6 48. dxe6 Nc6+ 49. Kc3 Rxc4+ 50. Kxc4 Nxa5+ 51. Kd5 Ke7 52. b4 Nb7 53. b5 Na5 54. b6 Nb7 55. h4 Nd8 56. h5 Nb7 57. h6 1-0

[Event "Oberfranken-ch U16"]
[Site "Schney"]
[Date "2017.01.04"]
[Round "3.4"]
[White "Schweens, Caspar"]
[Black "Sesselmann, Christoph"]
[Result "0-1"]
[WhiteElo "1186"]
[BlackElo "1337"]
[PlyCount "118"]
[EventDate "2017.01.03"]
[EventType "swiss"]
[EventRounds "7"]
[EventCountry "GER"]
[SourceTitle "EXT 2024"]
[Source "ChessBase"]
[SourceDate "2023.10.10"]
[SourceVersion "1"]
[SourceVersionDate "2023.10.10"]
[SourceQuality "1"]

1. f4 d5 2. e3 g6 3. Nf3 Bg7 4. Be2 c5 5. d3 Nf6 6. 0-0 0-0 7. Nc3 Nc6 8. e4 d4 9. Nb5 a6 10. Na3 b5 11. c3 Bb7 12. cxd4 cxd4 13. Nc2 Nd7 14. b3 e5 15. Qd2 Qc7 16. fxe5 Ndxe5 17. Nxe5 Nxe5 18. Bb2 Nc6 19. Bf3 Bc8 20. Rae1 Rd8 21. Qg5 Ne5 22. Nb4 Nxf3+ 23. Rxf3 Be6 24. Rc1 Qd6 25. Nc2 Rac8 26. Ba3 Qe5 27. Qxe5 Bxe5 28. Nb4 Bd6 29. Rxc8 Rxc8 30. e5 Be7 31. Nc2 Rxc2 32. Bxe7 Rxa2 33. Rf4 Bxb3 34. Rxd4 g5 35. Bf6 h6 36. Rd8+ Kh7 37. Rh8+ Kg6 38. Rg8+ Kf5 39. Rf8 Rd2 40. Ra8 Rxd3 41. Rxa6 Bc4 42. Rc6 Rd1+ 43. Kf2 Rb1 44. Ke3 Bd5 45. Rc7 b4 46. Kd3 b3 47. Rc3 Rb2 48. Kd4 Rd2+ 49. Rd3 Rxd3+ 50. Kxd3 Bxg2 51. Kc3 Bd5 52. Bg7 h5 53. Bf6 g4 54. Kb2 Kf4 55. Kc3 g3 56. hxg3+ Kxg3 57. Bg5 h4 58. Bxh4+ Kxh4 59. Kb2 Kg5 0-1